00306nam a2200109Ia 4500008004100000082001800041100001900059245004900078260004300127300001000170650001600180191201s2004 xx 000 0 und d a621.3815bCHF aCHAKRABARTI, A 0aFundamentals of Power Electronics And Drives aN.DelhibDhanpat Rai Pub (P) Ltdc2004 a14.14 aB.Tech(ECE)